00590nam a22002057a 450000500170000001000110001702000100002803500110003803700160004904000120006508200160007710000240009324500490011726000590016627000620022530000350028749000260032265000130034865000230036120170124105932.0 a469891 c05.00 a469891 bCen Lib/Ret aDPLbEN a230.35bJOY aJyoti, Divya Jivana aSivandana :cby Divya Jivana Jyotibmy god / aUttrakhand bThe Yoga- Vedanta Forest Universityc1957 aAnanda Kutir, P.O. Sivanandannagar. RishikeshbUttrakhand axlviii;433p. :c17cm(Hb)bill. aJubilee Series No. 15 aHinduism aReligion- Hinduism